00637nam a2200193Ia 4500952012900000999001700129003000400146005001700150008004100167020001500208040001800223082001900241100003200260245004400292260004400336300000900380650001000389942004400399 00102ddc40708LITaMESbMEScHINd2019-02-20g200.00l0o891.435 SRI/Pp34225r2019-02-20 00:00:00w2019-02-20yBKzGR6R4 c16692d16692OSt20200606115957.0190216s9999||||xx |||||||||||||| ||und|| a8188756172 cMESKC library a891.435bSRI/P aSreevasthava, Narendra9287 0aPrerak Prasang /cNarendra Sreevasthava bNavabharath Prakashan,c2008.aJodhpur: a200p aHindi cBK2ddch891.435iSRI/Pk891.435mSRI/P